000
00328nam a22001337a 4500
008
170803b xxu||||| |||| 00| 0 eng d
020
_a
3853208266
041
_a
eng
080
_a
004
100
_a
32
101
_a
SHK
245
_a
METHODEN DES ENTWURFS UND DER VERIFIKATION DIGITALER SYSTEME
_c
HAGELAUER,R
942
_2
udc
_c
BK
999
_c
22618
_d
22618